Normal view
MARC view
- صادق ، سمير حنا
Entry Personal Name
001 - CONTROL NUMBER
- control field: 35150
003 - CONTROL NUMBER IDENTIFIER
- control field: JO-AjAnu
005 - DATE AND TIME OF LATEST TRANSACTION
- control field: 20230606075900.0
008 - FIXED-LENGTH DATA ELEMENTS
- fixed length control field: 230606|| aca||aabn | a|a d
040 ## - CATALOGING SOURCE
- Original cataloging agency: JO-AjAnu
- Transcribing agency: JO-AjAnu
100 ## - HEADING--PERSONAL NAME
- Personal name: صادق ، سمير حنا
670 ## - SOURCE DATA FOUND
- Source citation: Work cat.: (JO-AjAnu)18050: صادق ، سمير حنا , author, العلوم الطبيعية : خواصها وملامحها من تاريخها وبعض أعلامها